| 000 | 01055nam a2200265 a 4500 | ||
|---|---|---|---|
| 005 | 20240920064135.0 | ||
| 008 | 190212s2016 es r 000 0 spa d | ||
| 020 | _a9788490651780 | ||
| 035 | _aUPN01000229049 | ||
| 049 | _aCG | ||
| 050 | 4 |
_aBF713 _bS5.2 |
|
| 100 | 1 |
_aSiegel, Daniel J., _d1957- _930270 |
|
| 245 | 1 | 3 |
_aEl cerebro del niño : _blibro de ejercicios, hojas de trabajo, actividades y ejercicios prácticos para cultivar la mente en desarrollo de tu hijo / _cDaniel J. Siegel, Tina Payne Bryson ; tr. Isabel Ferrer Marrades. |
| 260 |
_aBarcelona, Esp. : _bAlba, _c2016. |
||
| 300 |
_a204 p. : _bil. |
||
| 440 | 0 | _aGuía para padres | |
| 534 |
_pTítulo original: _tThe whole-brain child workbook : practical exercises, worksheets and activities to nurture developing minds |
||
| 650 | 4 |
_aPsicología evolutiva _98053 |
|
| 650 | 4 |
_aRelaciones interpersonales _91551 |
|
| 650 | 7 |
_aInteligencia emocional _2 _91394 |
|
| 650 | 4 |
_aEducación de niños _95387 |
|
| 700 | 1 |
_aBryson, Tina Payne, _ecoaut. |
|
| 905 | _aLibro | ||
| 999 |
_c201144 _d201144 |
||